=LDR 00000nam 2200000 4500 =001 INLIS000000000042628 =990 ##$$a 0001/BPAP-NTB/20142014 =990 ##$$a 0001/BPAP-NTB/20142014 =005 20131008015429 =990 ##$$a 21400613/BPAP-NTB/20142014 =990 ##$$a 21400613/BPAP-NTB/20142014 =008 ***********************************Ind** =990 ##$$a 0001/BPAP-NTB/20142014 =990 ##$$a 0001/BPAP-NTB/20142014 =035 ##$$a0010-101300000000550 =990 ##$$a 0001/BPAP-NTB/20142014 =990 ##$$a 0001/BPAP-NTB/20142014 =041 ##$$a Ind =082 ##$$a 616.075 =090 ##$$a 616.075, Joy p =100 ##$$a Joyce Le Fever Kee =245 ##$$a Pedoman pemeriksaan laboratorium =260 ##$$a 2007 $b Jakarta =300 ##$$a xx, 857 hlm, 24 cm =650 ##$$a Diagnosa Laboratorium =700 ##$$a Kirnaningsih =850 ##$$a NBPNMAT =990 ##$$a 21400613/BPAP-NTB/20142014 =990 ##$$a 0001/BPAP-NTB/20142014 =990 ##$$a 0001/BPAP-NTB/20142014 =990 ##$$a 0001/BPAP-NTB/20142014